| 000 | 00736nam a2200229 a 4500 | ||
|---|---|---|---|
| 999 |
_c8039 _d8039 |
||
| 003 | BD-JhCC | ||
| 005 | 20180217183913.0 | ||
| 008 | 180217s2005 bg |||| b||| 00| 0 ben d | ||
| 020 | _a9848141239 | ||
| 035 | _a(BD-JhCC) | ||
| 040 |
_aBD-JhCC _dBD-JhCC |
||
| 041 | _aben | ||
| 082 |
_a791.4372 _bAHA 2005 |
||
| 100 | _aআহসান, মাসকাওয়াথ | ||
| 245 |
_aবিতর্কের ধ্রুপদী উৎস / _cমাসকাওয়াথ আহসান, |
||
| 260 |
_aঢাকা : _bপড়ুয়া প্রকাশনী, _c2005. |
||
| 300 |
_a80 p. : _c22 cm. |
||
| 504 | _aIncluding Bibliographical Reference. | ||
| 650 | _aDebats & Debating | ||
| 942 |
_2ddc _cBK |
||